000 00821cam a2200241 4500
008 000000n2000 000 0 eng u
035 _a(Sirsi) u107267
245 _aLawyers become legal target
260 _c2000
490 _aFinancial Times
_v21 July 2000, 1
490 _aTimes
_v21 July 2000, 4(2)
520 _aLawyers and barristers have been striped of their 209 year immunity from being sued for negligence by a House of Lords ruling.
590 _aWB
650 _aLAWYERS
650 _aBARRISTERS
650 _aNEGLIGENCE
650 _aIMMUNITY FROM PROSECUTION
650 _aARTHUR J S HALL AND CO V SIMONS
650 _aBARRATT v ANSELL & ORS (T/A WOOLF SEDDON (A FIRM))
650 _aHARRIS v SCHOLFIELD ROBERTS & HILL (A FIRM)
690 _aPROFESSIONAL PRACTICE-NEGLIGENCE
942 _n0
999 _c64131
_d64131